10 Biggest Cities in 21 Countries - Statistics

General Stats
  • This quiz has been taken 773 times
    742 since last reset
  • The average score is 122 of 210
Answer Stats
Rank Population Country Answer % Correct
1 23,462,099 USA New York City
98%
2 18,238,998 USA Los Angeles
97%
3 9,899,902 USA Chicago
95%
1 2,847,200 Ukraine Kiev
94%
10 474,786 Canada London
94%
1 13,709,000 UK London
94%
1 12,292,895 France Paris
94%
1 5,583,064 Canada Toronto
94%
1 20,137,152 Mexico Mexico City
93%
2 4,008,095 Italy Rome
93%
1 12,829,960 Turkey Istanbul
92%
1 5,263,000 Spain Madrid
92%
1 11,503,501 Russia Moscow
92%
2 12,116,616 Brazil Rio de Janeiro
92%
2 4,306,105 Turkey Ankara
91%
2 4,251,000 Spain Barcelona
91%
1 3,460,725 Germany Berlin
91%
2 16,314,838 India Delhi
91%
1 4,060,624 Italy Milan
91%
5 8,370,967 USA San Francisco
91%
3 2,313,328 Canada Vancouver
91%
8 7,095,411 USA Dallas
90%
10 6,371,677 USA Houston
90%
3 2,556,000 UK Manchester
90%
4 1,236,324 Canada Ottawa
90%
1 8,949,447 Japan Tokyo
90%
2 19,295,000 China Beijing
89%
2 3,824,221 Canada Montreal
89%
2 4,879,566 Russia Saint Petersburg
89%
1 20,935,204 Brazil Sao Paulo
89%
4 9,331,587 USA Washington
89%
2 3,683,000 UK Birmingham
88%
6 8,091,371 USA Boston
88%
2 1,786,448 Germany Hamburg
88%
1 10,135,030 Indonesia Jakarta
88%
1 18,414,288 India Mumbai
88%
3 3,552,568 Italy Naples
88%
1 22,265,426 China Shanghai
88%
5 4,118,154 Brazil Brasilia
87%
5 2,241,000 UK Liverpool
87%
1 4,667,283 Australia Sydney
87%
2 2,188,759 France Lyon
86%
9 6,375,434 USA Miami
86%
3 1,353,186 Germany Munich
86%
3 2,666,371 Japan Osaka
86%
5 679,664 Germany Frankfurt
85%
9 1,395,000 UK Glasgow
85%
3 1,720,941 France Marseille
85%
7 7,449,428 USA Philadelphia
85%
1 1,706,624 Poland Warsaw
85%
4 2,302,000 UK Leeds
84%
2 4,246,345 Australia Melbourne
84%
3 1,499,000 Spain Valencia
84%
2 4,434,252 Mexico Guadalajara
83%
4 1,897,548 Australia Perth
83%
1 8,154,051 Iran Tehran
83%
3 14,112,536 India Kolkata
82%
4 11,070,654 China Guangzhou
81%
4 1,747,614 Italy Turin
81%
3 2,189,878 Australia Brisbane
80%
4 1,007,119 Germany Cologne
80%
1 21,000,000 Nigeria Lagos
80%
7 1,003,947 France Nice
80%
5 1,214,839 Canada Calgary
79%
5 1,277,174 Australia Adelaide
78%
6 1,159,869 Canada Edmonton
78%
7 723,164 Italy Florence
78%
7 588,735 Germany Dusseldorf
77%
5 935,921 Italy Palermo
77%
8 411,609 Australia Canberra
76%
8 1,740,000 Pakistan Islamabad
76%
2 766,583 Poland Krakow
75%
4 1,499,000 Spain Seville
75%
5 8,499,399 India Bangalore
74%
3 5,783,773 Brazil Belo Horizonte
74%
5 947,000 Spain Bilbao
74%
6 1,140,668 France Bordeaux
74%
1 21,142,625 Pakistan Karachi
74%
7 765,706 Canada Quebec
74%
4 8,696,010 India Chennai
73%
6 1,599,000 UK Newcastle
73%
7 418,958 Australia Newcastle
73%
3 3,276,815 Turkey Izmir
71%
4 1,250,251 France Toulouse
71%
6 7,749,334 India Hyderabad
70%
4 3,429,471 Pakistan Hyderabad
70%
6 606,588 Germany Stuttgart
70%
2 9,718,745 Pakistan Lahore
69%
3 4,106,054 Mexico Monterrey
69%
3 3,000,000 Nigeria Abuja
68%
8 716,159 Italy Genoa
68%
5 1,159,547 France Lille
68%
4 1,029,049 Ukraine Odessa
66%
6 844,000 Spain Malaga
65%
4 4,181,836 Brazil Porto Alegre
65%
5 1,914,434 Japan Sapporo
65%
8 730,018 Canada Winnipeg
65%
7 1,474,473 Japan Kyoto
64%
7 1,569,000 UK Sheffield
64%
3 11,090,314 China Tianjin
64%
6 745,255 Italy Bologna
63%
6 458,717 Poland Gdansk
63%
4 2,263,907 Japan Nagoya
63%
7 3,887,261 Brazil Recife
63%
5 1,016,194 Ukraine Donetsk
62%
8 884,275 France Nantes
62%
7 6,352,254 India Ahmedabad
61%
8 580,444 Germany Dortmund
61%
6 3,919,864 Brazil Salvador
61%
6 1,751,302 Mexico Tijuana
61%
4 1,349,772 Russia Yekaterinburg
61%
2 1,470,902 Ukraine Kharkiv
60%
8 7,677,122 China Chengdu
59%
9 574,635 Germany Essen
59%
9 764,013 France Strasbourg
59%
10 1,097,000 UK Cardiff
58%
8 3,818,380 Brazil Fortaleza
58%
8 685,873 Spain Zaragoza
57%
2 3,626,068 Nigeria Kano
56%
3 1,473,754 Russia Novosibirsk
56%
6 9,780,644 China Wuhan
56%
8 955,573 Turkey Antalya
55%
8 1,543,000 UK Nottingham
55%
10 577,899 Italy Bari
54%
5 10,357,938 China Shenzhen
53%
2 3,689,603 Japan Yokohama
53%
10 547,340 Germany Bremen
52%
3 753,192 Poland Lodz
52%
5 1,250,619 Russia Nizhny Novgord
52%
7 732,818 Ukraine Lviv
51%
8 5,049,968 India Pune
51%
2 2,843,144 Indonesia Surabaya
51%
9 3,466,981 Brazil Curitiba
50%
4 2,728,790 Mexico Puebla
50%
3 2,575,478 Indonesia Bandung
49%
8 1,143,535 Russia Kazan
48%
10 1,089,261 Russia Rostov-on-don
48%
9 623,610 Italy Catania
47%
9 7,457,589 China Chongqing
47%
10 3,073,350 India Jaipur
47%
10 679,866 France Rennes
47%
10 440,000 Spain Granada
46%
10 317,220 Poland Katowice
46%
3 1,065,008 Ukraine Dnepropetrovsk
45%
8 1,463,826 Japan Fukuoka
45%
6 1,544,873 Japan Kobe
45%
7 1,154,116 Russia Omsk
45%
4 2,550,593 Nigeria Ibadan
44%
10 7,165,828 China Nanjing
44%
6 590,889 Australia Gold Coast
43%
5 1,756,126 Iran Isfahan
42%
6 1,164,685 Russia Samara
42%
4 632,930 Poland Wroclaw
42%
9 623,000 Spain Murcia
41%
9 4,585,367 India Surat
41%
7 1,609,717 Mexico Leon
40%
5 2,185,789 Indonesia Medan
40%
4 1,854,285 Turkey Bursa
39%
8 1,495,094 Mexico Juarez
38%
5 1,563,545 Turkey Adana
36%
5 567,932 Poland Poznan
36%
9 721,053 Canada Hamilton
35%
7 625,892 Spain Las Palmas
35%
9 1,130,132 Russia Chelyabinsk
34%
3 6,047,446 Pakistan Faisalabad
33%
10 1,147,188 Nigeria Benin
32%
6 1,320,214 Nigeria Port Harcourt
32%
10 3,043,217 Brazil Campinas
31%
2 2,749,374 Iran Mashhad
31%
6 3,039,550 Pakistan Rawalpindi
30%
6 1,460,665 Iran Shiraz
30%
6 1,495,050 Turkey Gaziantep
26%
7 1,003,373 Turkey Konya
26%
5 1,936,126 Mexico Toluca
26%
8 1,074,036 Iran Qom
25%
9 1,425,678 Japan Kawasaki
23%
7 410,811 Poland Szczecin
23%
3 2,404,697 Iran Tabriz
23%
9 351,806 Poland Lublin
22%
10 492,176 Ukraine Mariupol
22%
5 3,307,798 Pakistan Peshawar
22%
10 282,099 Australia Wollongong
21%
9 285,16 Australia Sunshine Coast
20%
10 1,398,801 Indonesia Makassar
19%
10 1,606,481 Pakistan Multan
19%
10 1,097,028 Mexico Queretaro
18%
8 361,222 Poland Bydgoszcz
17%
9 1,561,959 Indonesia Palembang
17%
6 815,256 Ukraine Zaporizhia
16%
7 1,300,000 Nigeria Aba
15%
5 1,652,844 Nigeria Kaduna
15%
7 8,220,937 China Dongguan
14%
7 2,799,766 Pakistan Gujranwala
14%
10 842,230 Turkey Mersin
13%
9 1,275,993 Mexico Torreon
13%
9 911,984 Turkey Kayseri
12%
10 1,222,910 Japan Saitama
12%
8 668,980 Ukraine Kryvyi Rih
11%
8 1,575,068 Indonesia Semarang
10%
9 514,136 Ukraine Mykolaiv
9%
4 2,510,951 Indonesia Bekasi
8%
9 1,197,497 Nigeria Maiduguri
8%
7 1,223,223 Iran Ahvaz
7%
4 1,853,696 Iran Karaj
7%
6 2,001,925 Indonesia Tangerang
7%
7 1,869,681 Indonesia Depok
6%
9 1,733,252 Pakistan Sialkot
6%
9 784,602 Iran Kermanshah
4%
8 1,200,000 Nigeria Ogbomosho
1%
10 583,255 Iran Orumieh
0%
No matching quizzes found
Score Distribution
Percent of People with Each Score
Percentile by Number Answered
Your Score History
You have not taken this quiz since the last reset